000 00513nam a2200169Ia 4500
005 20250326125605.0
008 250326s9999 xx 000 0 und d
037 _aTextbook
040 _aFMSL
_beng
_cFMSL
041 _aeng
_2eng
084 _aX8(A).2'N77s L7
_qFMSL
245 0 _aStatisics relating to dgtd units for period ending december, 1977
260 _aNew Delhi
_bNew Delhi, Government of India
_c1977
300 _a120p
942 _cTB
_hX8(A).2'N77s L7
999 _c1278707
_d1278707